Hematología : (Registro nro. 61430)
[ vista simple ]
| 000 -LEADER | |
|---|---|
| fixed length control field | 00785nam a2200229 u 4500 |
| 001 - CONTROL NUMBER | |
| control field | 61430 |
| 005 - DATE AND TIME OF LATEST TRANSACTION | |
| control field | 20180714063047.0 |
| 008 - FIXED-LENGTH DATA ELEMENTS--GENERAL INFORMATION | |
| fixed length control field | 140917s2012 mx r 000 0 spa d |
| 020 ## - INTERNATIONAL STANDARD BOOK NUMBER | |
| International Standard Book Number | 978-607-15-0748-8 |
| 082 0# - DEWEY DECIMAL CLASSIFICATION NUMBER | |
| Classification number | 616.15 |
| Item number | JAI |
| 100 1# - MAIN ENTRY--PERSONAL NAME | |
| Personal name | Jaime Pérez, José Carlos, |
| Relator term | autor |
| 245 10 - TITLE STATEMENT | |
| Title | Hematología : |
| Remainder of title | la sangre y sus enfermedades / |
| Statement of responsibility, etc. | José Carlos Jaime Pérez, David Gómez Almaguer. |
| 250 ## - EDITION STATEMENT | |
| Edition statement | Tercera edición. |
| 264 #1 - PRODUCTION, PUBLICATION, DISTRIBUTION, MANUFACTURE, AND COPYRIGHT NOTICE | |
| Place of production, publication, distribution, manufacture | México : |
| Name of producer, publisher, distributor, manufacturer | McGraw-Hill Interamericana Editores, |
| Date of production, publication, distribution, manufacture, or copyright notice | 2012 |
| 300 ## - PHYSICAL DESCRIPTION | |
| Extent | xiii, 337 páginas ; |
| Dimensions | 27 cm. |
| 336 ## - CONTENT TYPE | |
| Content type term | texto |
| Source | rdacontent |
| 337 ## - MEDIA TYPE | |
| Media type term | sin mediación |
| Source | rdamedia |
| 338 ## - CARRIER TYPE | |
| Carrier type term | volumen |
| Source | rdacarrier |
| 650 #0 - SUBJECT ADDED ENTRY--TOPICAL TERM | |
| Topical term or geographic name entry element | Hematología |
| 700 1# - ADDED ENTRY--PERSONAL NAME | |
| Personal name | Gómez Almaguer, David, |
| Relator term | autor |
| 700 1# - ADDED ENTRY--PERSONAL NAME | |
| Personal name | Cortés Jorge, |
| Relator term | prologuista |
| Withdrawn status | Lost status | Source of classification or shelving scheme | Damaged status | Not for loan | Collection code | Home library | Current library | Shelving location | Date acquired | Source of acquisition | Inventory number | Total Checkouts | Total Renewals | Full call number | Barcode | Date last seen | Date last checked out | Price effective from | Koha item type |
|---|---|---|---|---|---|---|---|---|---|---|---|---|---|---|---|---|---|---|---|
| Dewey Decimal Classification | General | Biblioteca Karol Wojtyla | Biblioteca Karol Wojtyla | Sala general | 17/09/2014 | Compra | 151000000000000000002493 | 37 | 8 | 616.15 JAI 2012 | 92049 | 05/01/2026 | 26/03/2025 | 17/09/2014 | Libro | ||||
| Dewey Decimal Classification | General | Biblioteca Karol Wojtyla | Biblioteca Karol Wojtyla | Sala general | 08/12/2014 | Compra | 151000000000000000002492 | 33 | 6 | 616.15 JAI 2012 | 92451 | 11/05/2026 | 28/04/2026 | 08/12/2014 | Libro |